000 01255nam a22002537a 4500
005 20110721103311.0
008 110721t xxu||||| |||| 00| 0 mar d
010 _aMAR-21115
020 _c110.00
035 _aMR-13773
037 _bDBAD/PUB
040 _aDPL
_bMR
082 _a891.46301
100 _929792
_aतिळवे,श्रीधर
245 _aअमेरिकेचे अध्यक्ष आले तेव्हाची गोष्ट :
_cश्रीधर तिळवे
_bकाही रफ काही टफ /
246 _aAmericache Adhyaksha Aale Tenvanchi Gosta
_bby Sridhar Tilve
260 _aमुंबई
_bनवता
_c2011
270 _a602,आदित्य अरपार्टमेंट,आशानगर,कांदिवली(पूर्व)
_bमुंबई
_e400101
300 _a111पृ
_c22सेमी(अजिल्द)
650 _aमराठी कथासंग्रह
_930871
650 _aMarathi Short Stories
_930872
942 _2ddc
_cMR
_mतिळवे
_h891.46301
999 _c54193
_d54193